Particulars of an eligible freehold property...situated no. 11 The Terrace, near the Chapel, Upper Clapton...which will be sold by auction by Messrs. Winstanley at the Auction Mart, London on Friday the 4th of February 1842 at twelve o'clock... (Record no. 116640)

MARC details
000 -LEADER
fixed length control field 00807cam a22002055a 4500
001 - CONTROL NUMBER
control field L141169
008 - FIXED-LENGTH DATA ELEMENTS--GENERAL INFORMATION
fixed length control field 071031s1842 xxk eng u
035 ## - SYSTEM CONTROL NUMBER
System control number (Sirsi) u141169
041 0# - LANGUAGE CODE
Language code of text/sound track or separate title eng
110 2# - MAIN ENTRY--CORPORATE NAME
Corporate name or jurisdiction name as entry element Messrs. Winstanley
9 (RLIN) 5434
245 00 - TITLE STATEMENT
Title Particulars of an eligible freehold property...situated no. 11 The Terrace, near the Chapel, Upper Clapton...which will be sold by auction by Messrs. Winstanley at the Auction Mart, London on Friday the 4th of February 1842 at twelve o'clock...
260 ## - PUBLICATION, DISTRIBUTION, ETC.
Place of publication, distribution, etc. S.l.
Name of publisher, distributor, etc. s.n.
Date of publication, distribution, etc. [1842]
300 ## - PHYSICAL DESCRIPTION
Extent 3 p.
Dimensions 39 cm., folded to 24 x 19 cm.
340 ## - PHYSICAL MEDIUM
Material base and configuration Printed
351 ## - ORGANIZATION AND ARRANGEMENT OF MATERIALS
Hierarchical level Single item
500 ## - GENERAL NOTE
General note Item is annotated in brown ink.
651 4# - SUBJECT ADDED ENTRY--GEOGRAPHIC NAME
Geographic name London
690 ## - LOCAL SUBJECT ADDED ENTRY--TOPICAL TERM (OCLC, RLIN)
Topical term or geographic name as entry element PROPERTY-PROPERTY ACQUISITION AND DISPOSAL-ACQUISITION AND DISPOSAL AT AUCTION
942 ## - ADDED ENTRY ELEMENTS (KOHA)
Suppress in OPAC 0
Holdings
Withdrawn status Lost status Source of classification or shelving scheme Damaged status Not for loan Home library Current library Shelving location Date acquired Total Checkouts Full call number Barcode Date last seen Copy number Price effective from Koha item type
    Dewey Decimal Classification     London London Basement 31/10/2007   BASEMENT BOX 5 141169-1001 06/08/2019 1 06/08/2019 Archive